00899nam a2200229 a 4500001001000000003000500010005001700015008004100032010001100073011001100084040000900095100002900104245013300133260004100266500006000307502010400367650004100471650004600512650001500558650002600573856007000599000108805CHAP20220329144025.0140312s2013 mx | |sm |||||||spa|d a105267 a106239 cCHAP1 aZalapa Ríos, Alejandro10aAnálisis del programa de asistencia técnica pecuaria en el Estado de Michoacánh[En línea]cpor Alejandro Zalapa Ríos. aChapingo, Méx. :bEl autor,c2013. aPara ver el contenido del material haga clic en la liga aTesis (M.C. en Desarrollo Rural Regional) -- UACH. Dirección de Centros Regionales Universitarios14aExtensión agrícolaxMichoacán.14aGanaderíaxInnovaciones tecnológicas.14aGanaderos.14aIndustrias pecuarias. aFinding aiduhttp://10.13.5.2/tesis/sist108805.pdfzTeclea aquí